Logos des équipes de Ligue 1 - Mort subite - Statistiques

Statistiques générales
  • Ce quiz a été pris 9 523 fois
    3 986 depuis la dernière actualisation
  • Le résultat moyen est 10 sur 18
Answers on the Grid
Answers color-coded by a green-red scale on the quiz's grid according to % correct below.
 
Statistiques - réponses
Réponse % Correct
70%
69%
66%
64%
63%
62%
60%
60%
59%
56%
54%
54%
49%
46%
46%
46%
45%
44%
Aucun quiz correspondant
Distribution des résultats
% des personnes avec chaque résultat
Percentile par nombre de réponses
Votre historique - résultats
Vous n’avez pas pris ce quiz depuis la dernière actualisation